Toutes les communes du Cantal sur une carte - Statistiques

Statistiques générales
  • Ce quiz a été pris 675 fois
    278 depuis la dernière actualisation
  • Le résultat moyen est 74 sur 250
Réponses sur la Carte
Les réponses sont colorées sur une échelle allant du rouge au vert en fonction du pourcentage des utilisateurs qui les ont devinées à leur premier essai. Vous pouvez retrouver ces pourcentages ci-dessous.
 
Statistiques - réponses
Initiale Réponse Population (2021) % Correct
A Aurillac 25 815
94%
Sᵗ Saint-Flour 6 423
92%
M Mauriac 3 519
77%
M Murat 1 792
77%
R Riom-ès-Montagnes 2 428
65%
A Arpajon-sur-Cère 6 315
64%
M Massiac 1 804
63%
S Salers 316
63%
M Maurs 2 110
60%
C Chaudes-Aigues 815
58%
V Vic-sur-Cère 1 885
58%
Sᵗ Saint-Paul-de-Salers 105
57%
Sᵗ Saint-Paul-des-Landes 1 533
57%
L Laroquebrou 798
54%
Y Ytrac 4 322
54%
N Neussargues-Moissac 834
53%
Y Ydes 1 624
53%
Sᵗ Saint-Étienne-Cantalès 127
52%
Sᵗ Saint-Étienne-de-Carlat 130
52%
Sᵗ Saint-Étienne-de-Chomeil 249
52%
Sᵗ Saint-Étienne-de-Maurs 780
52%
J Jussac 2 026
50%
Sᵗ Saint-Jacques-des-Blats 292
50%
Sᵗ Saint-Martin-Cantalès 150
50%
Sᵗ Saint-Martin-sous-Vigouroux 221
50%
Sᵗ Saint-Martin-Valmeroux 710
50%
V Val d'Arcomie 970
50%
Sᵗ Saint-Mamet-la-Salvetat 1 543
49%
N Naucelles 2 137
48%
P Pleaux 1 459
48%
L Laveissière 516
46%
Sᵗ Saint-Cernin 1 055
46%
(Le) R Le Rouget-Pers 1 278
44%
A Allanche 794
43%
P Pierrefort 913
43%
C Condat 968
42%
P Polminhac 1 213
42%
Sᵗ Saint-Georges 1 183
42%
Sᵗ Saint-Simon 1 126
42%
T Thiézac 600
40%
Y Yolet 580
40%
C Carlat 379
39%
G Giou-de-Mamou 744
39%
M Montsalvy 822
39%
A Ally 598
38%
M Mandailles-Saint-Julien 177
38%
Ste Sainte-Marie 109
38%
Sᵗ Saint-Mary-le-Plain 183
38%
Sᵗ Saint-Pierre 144
38%
V Vézac 1 297
38%
(Le) V Le Vigean 814
37%
U Ussel 463
37%
L Lacapelle-Barrès 58
36%
L Lacapelle-del-Fraisse 377
36%
L Lacapelle-Viescamp 513
36%
(Le) F Le Falgoux 118
36%
N Neuvéglise-sur-Truyère 1 704
36%
R Ruynes-en-Margeride 714
36%
S Sansac-de-Marmiesse 1 370
36%
S Sansac-Veinazès 206
36%
C Crandelles 861
35%
A Anglards-de-Saint-Flour 386
34%
A Anglards-de-Salers 714
34%
(La) C La Chapelle-d'Alagnon 259
34%
(La) C La Chapelle-Laurent 244
34%
L Lanobre 1 368
34%
(Le) C Le Claux 163
34%
M Marcolès 590
34%
M Molompize 275
34%
R Roffiac 583
34%
Sᵗ Saint-Santin-Cantalès 288
34%
Sᵗ Saint-Santin-de-Maurs 363
34%
A Albepierre-Bredons 237
33%
M Marmanhac 705
33%
C Champs-sur-Tarentaine-Marchal 1 022
32%
O Omps 323
32%
P Paulhac 433
32%
Sᵗ Saint-Urcize 424
32%
T Tournemire 127
32%
J Jou-sous-Monjou 101
31%
R Reilhac 1 089
31%
Sᵗ Saint-Julien-de-Toursac 102
31%
V Velzic 403
31%
A Alleuze 226
30%
A Auriac-l'Église 144
30%
L Lafeuillade-en-Vézie 590
30%
R Roannes-Saint-Mary 1 106
30%
T Talizat 601
30%
V Valuéjols 570
30%
V Vitrac 270
30%
C Cros-de-Montvert 186
29%
C Cros-de-Ronesque 146
29%
P Parlan 463
29%
R Raulhac 269
29%
Sᵗ Saint-Poncy 345
29%
Sᵗ Saint-Vincent-de-Salers 70
29%
B Brezons 181
28%
C Chalinargues 311
28%
F Ferrières-Saint-Mary 241
28%
Sᵗ Saint-Bonnet-de-Condat 114
28%
Sᵗ Saint-Bonnet-de-Salers 262
28%
Sᵗ Saint-Illide 642
28%
Sᵗ Saint-Projet-de-Salers 133
28%
C Champagnac 1 026
27%
D Deux-Verges 52
27%
D Dienne 249
27%
M Montvert 112
27%
Sᵗ Saint-Cirgues-de-Jordanne 145
27%
Sᵗ Saint-Cirgues-de-Malbert 250
27%
Sᵗ Saint-Rémy-de-Chaudes-Aigues 123
27%
A Andelat 473
26%
A Ayrens 620
26%
C Coltines 431
26%
C Coren 444
26%
F Fontanges 203
26%
L Lavigerie 111
26%
(Le) F Le Fau 29
26%
(Les) T Les Ternes 570
26%
P Pailherols 131
26%
Sᵗ Saint-Clément 77
26%
S Siran 456
26%
T Trizac 466
26%
V Vieillespesse 251
26%
C Cassaniouze 502
25%
C Celles 217
25%
C Cézens 215
25%
D Drugeac 321
25%
L Lascelle 272
25%
M Malbo 88
25%
Q Quézac 350
25%
Sᵗ Saint-Antoine 89
25%
V Vèze 60
25%
V Vieillevie 105
25%
A Arnac 183
24%
B Badailhac 135
24%
B Besse 131
24%
B Boisset 655
24%
C Chalvignac 464
24%
L Labrousse 483
24%
M Marcenat 511
24%
P Paulhenc 259
24%
R Rouffiac 195
24%
S Saignes 823
24%
Sᵗ Saint-Saturnin 197
24%
C Cayrols 296
23%
C Clavières 201
23%
F Freix-Anglards 218
23%
J Junhac 291
23%
L Ladinhac 440
23%
L Laroquevieille 349
23%
M Montboudif 165
23%
M Montmurat 134
23%
N Nieudan 102
23%
P Prunet 686
23%
Sᵗ Saint-Gérons 225
23%
S Salins 144
23%
T Teissières-de-Cornet 313
23%
T Teissières-lès-Bouliès 336
23%
V Védrines-Saint-Loup 127
23%
V Virargues 118
23%
A Antignac 283
22%
B Beaulieu 88
22%
C Cheylade 223
22%
F Fridefont 95
22%
G Girgols 73
22%
G Gourdièges 65
22%
J Jabrun 161
22%
(La) T La Trinitat 49
22%
M Montgreleix 36
22%
P Puycapel 732
22%
R Rézentières 106
22%
Sᵗ Saint-Amandin 230
22%
Ste Sainte-Anastasie 124
22%
Ste Sainte-Eulalie 232
22%
Sᵗ Saint-Martial 72
22%
Sᵗ Saint-Victor 101
22%
S Ségur-les-Villas 216
22%
S Sénezergues 209
22%
T Trémouille 170
22%
A Apchon 183
21%
C Chaliers 140
21%
(La) S La Ségalassière 126
21%
L Laveissenet 132
21%
L Leynhac 333
21%
N Narnhac 68
21%
R Roumégoux 322
21%
S Soulages 83
21%
V Valjouze 22
21%
V Vezels-Roussy 129
21%
B Barriac-les-Bosquets 136
20%
E Espinasse 78
20%
(Le) T Le Trioulou 100
20%
L Lieutadès 166
20%
L Lugarde 121
20%
M Montchamp 146
20%
M Moussages 256
20%
T Tanavelle 222
20%
V Vabres 251
20%
V Vebret 513
20%
V Villedieu 553
20%
A Anterrieux 122
19%
B Bonnac 161
19%
C Charmensac 77
19%
M Méallet 157
19%
M Menet 529
19%
P Peyrusse 144
19%
Sᵗ Saint-Hippolyte 98
19%
Sᵗ Saint-Saury 172
19%
A Arches 198
18%
A Auzers 163
18%
C Chaussenac 221
18%
C Cussac 121
18%
G Glénat 171
18%
J Joursac 149
18%
L Labesserette 292
18%
L Lastic 109
18%
(Le) M Le Monteil 276
18%
L Leucamp 242
18%
(Le) V Le Vaulmier 60
18%
L Leyvaux 35
18%
L Lorcières 168
18%
Sᵗ Saint-Chamant 238
18%
Sᵗ Saint-Constant-Fournoulès 568
18%
T Tiviers 167
18%
V Valette 238
18%
C Chavagnac 91
17%
J Jaleyrac 364
17%
(La) M La Monselie 127
17%
M Marchastel 139
17%
M Mentières 127
17%
P Pradiers 83
17%
R Rageade 102
17%
R Rouziers 113
17%
B Bassignac 221
16%
C Celoux 57
16%
C Chazelles 31
16%
L Lapeyrugue 99
16%
M Molèdes 79
16%
S Sauvat 216
16%
S Sourniac 196
16%
C Chanterelle 99
15%
M Madic 206
15%
V Vernols 62
15%
B Brageac 76
14%
C Collandres 159
14%
E Escorailles 83
14%
L Landeyrat 88
14%
L Laurie 87
14%
M Maurines 108
14%
V Veyrières 119
14%
Aucun quiz correspondant
Distribution des résultats
% des personnes avec chaque résultat
Percentile par nombre de réponses
Votre historique - résultats
Vous n’avez pas pris ce quiz depuis la dernière actualisation